| 000 | 00572nam a22001937a 4500 | ||
|---|---|---|---|
| 999 |
_c7833 _d7833 |
||
| 003 | OSt | ||
| 005 | 20220321113242.0 | ||
| 008 | 220321b ||||| |||| 00| 0 eng d | ||
| 020 | _a9788274530805 | ||
| 040 | _cDDC | ||
| 082 | _a363.739 OES 2009 | ||
| 100 |
_aOestigaard, Terje _92038 |
||
| 245 |
_aWater,culture and identity _b: comparing past and present traditions in Nile basin region |
||
| 260 |
_aNorway _b: University of Bergen _c, C 2009 |
||
| 300 |
_ax,272p. _b; ill. |
||
| 504 | _aReferences | ||
| 650 |
_aWater, culture and identity _915940 |
||
| 942 |
_2ddc _cBOOK |
||